00441nam a2200157Ia 450000500170000000800410001702000150005808200180007310000280009124500670011926000440018630000190023065000100024965000090025965000150026820240529030812.0240331s9999 xx 000 0 und d a0674896467 bMACa346.0134 aMacKinnon, A. Catharine 0aToward a feminist theory of the statecCatharine A. Mackinnon aAmericabHarvard University Pressc1991 axvii, 330 p ., aWoman aLaws aSocialisum